Particles Physics Multiple-Choice Quiz - Statistics

General Stats
  • This quiz has been taken 210 times
    199 since last reset
  • The average score is 8 of 15
Answer Stats
Question Answer % Correct
What type of particle is a kaon? Meson
83%
Which of the following forces has W bosons as its exchange particle? Weak
74%
Which term refers to a collision between a particle and its antiparticle? Annihilation
71%
Which of these is a lepton? Neutrino
66%
Which of these is a baryon? Neutron
66%
Which of these is NOT a fundamental particle? Pion
66%
Which term refers to the formation of equal amounts of matter and antimatter when energy is converted into mass? Pair production
60%
Which combination of particles are formed as a result of beta-minus decay? Proton, electron and electron antineutrino
57%
What is the quark composition of a positive pion? Up, anti-down
57%
What is the quark composition of the most stable baryon? uud
57%
At distances less than which value is the strong force between nucleons repulsive? 0.5 fm
37%
What happens when you attempt to separate a quark from a proton? The energy supplied is converted into a quark-antiquark pair.
37%
What is the specific charge of a nucleus with 76 neutrons and 52 protons? 3.9*10^7 C/kg
31%
Which interaction is responsible for changing a quark's character? Weak
26%
What is the quark composition of a kaon minus? Up, anti-strange
23%
No matching quizzes found
Score Distribution
Percent of People with Each Score
Percentile by Number Answered
Your Score History
You have not taken this quiz since the last reset